[Event "DEN-chT 2324 61st"]
[Site "Denmark"]
[Date "2024.01.28"]
[Round "6.2"]
[White "Pantzar, Milton"]
[Black "Matthiesen, Arne"]
[Result "1-0"]
[WhiteElo "2461"]
[BlackElo "2318"]
[PlyCount "61"]
[EventDate "2023.10.28"]
[EventType "team-tourn"]
[EventRounds "9"]
[EventCountry "DEN"]
[SourceTitle "CBM 219 Extra"]
[Source "ChessBase"]
[SourceDate "2024.05.31"]
[SourceVersion "1"]
[SourceVersionDate "2024.05.31"]
[SourceQuality "1"]
[WhiteTeam "Koge"]
[BlackTeam "Copenhagen 68"]
[WhiteTeamCountry "DEN"]
[BlackTeamCountry "DEN"]

1. d4 d5 2. Nf3 Nf6 3. c4 dxc4 4. e3 e6 5. Bxc4 c5 6. 0-0 a6 7. Re1 b5 8. Bf1 Bb7 9. a4 b4 10. Nbd2 cxd4 11. exd4 Be7 12. a5 0-0 13. Nc4 Nd5 14. Bd3 Nd7 15. Bd2 N7f6 16. Nfe5 Nc7 17. Nb6 Ra7 18. Bg5 Ncd5 19. Rc1 Nxb6 20. axb6 Qxb6 21. Bxf6 Bxf6 22. Nd7 Qd8 23. Nxf8 Kxf8 24. Qh5 Bxd4 25. Qxh7 Qf6 26. Rf1 g6 27. Rc7 Bb6 28. Rd7 Bxg2 29. Rxa7 Bxf1 30. Qh6+ Ke8 31. Ra8+ 1-0

[Event "DEN-chT 2223 60th"]
[Site "Denmark"]
[Date "2023.03.26"]
[Round "9.3"]
[White "Matthiesen, Arne"]
[Black "Christensen, Stefan"]
[Result "1-0"]
[WhiteElo "2314"]
[BlackElo "2293"]
[PlyCount "91"]
[EventDate "2022.10.29"]
[EventType "team-tourn"]
[EventRounds "9"]
[EventCountry "DEN"]
[SourceTitle "CBM 213 Extra"]
[Source "ChessBase"]
[SourceDate "2023.05.31"]
[SourceVersion "1"]
[SourceVersionDate "2023.05.31"]
[SourceQuality "1"]
[WhiteTeam "Copenhagen 68"]
[BlackTeam "Obro"]
[WhiteTeamCountry "DEN"]
[BlackTeamCountry "DEN"]

1. g3 d5 2. Nf3 Nf6 3. Bg2 Bf5 4. c4 c6 5. b3 e6 6. 0-0 Be7 7. Bb2 h6 8. d3 0-0 9. Nc3 Nbd7 10. h3 a6 11. a3 Bh7 12. cxd5 exd5 13. Re1 Bc5 14. e3 Re8 15. Ne2 Bd6 16. Nf4 Nc5 17. b4 Ncd7 18. Bc3 Qc7 19. Rc1 Qb6 20. Nd4 Ne5 21. Nf3 Nfd7 22. Bd4 Nxf3+ 23. Qxf3 Qb5 24. Bxg7 Kxg7 25. Qg4+ Kf8 26. Qxd7 Bxf4 27. gxf4 Bxd3 28. Qd6+ Kg7 29. Kh2 Rad8 30. Qc7 Rc8 31. Qd7 Rcd8 32. Qg4+ Kh7 33. Rg1 Rg8 34. Qh4 Qb6 35. Qe7 Rdf8 36. Bf3 Qd8 37. Qxb7 Qh4 38. Rg3 d4 39. Qb6 dxe3 40. Qxe3 Bf5 41. Be4 Bxe4 42. Qxe4+ Kh8 43. Rxc6 Re8 44. Qd4+ Kh7 45. Qf6 Qh5 46. Rc5 1-0

[Event "DEN-chT 2223 60th"]
[Site "Denmark"]
[Date "2022.10.30"]
[Round "2.2"]
[White "Matthiesen, Arne"]
[Black "Sylvan, Jacob"]
[Result "1/2-1/2"]
[WhiteElo "2314"]
[BlackElo "2310"]
[PlyCount "32"]
[EventDate "2022.10.29"]
[EventType "team-tourn"]
[EventRounds "9"]
[EventCountry "DEN"]
[SourceTitle "EXT 2024"]
[Source "ChessBase"]
[SourceDate "2023.10.10"]
[SourceVersion "1"]
[SourceVersionDate "2023.10.10"]
[SourceQuality "1"]
[WhiteTeam "Copenhagen 68"]
[BlackTeam "Nordkalotten"]
[WhiteTeamCountry "DEN"]
[BlackTeamCountry "DEN"]

1. d4 d5 2. c4 e6 3. Nc3 Nf6 4. Bg5 Nbd7 5. e3 Be7 6. Nf3 h6 7. Bh4 0-0 8. Qc2 c5 9. cxd5 exd5 10. Be2 c4 11. 0-0 b6 12. Ne5 Bb7 13. Bf3 Re8 14. Rfd1 Qc8 15. Rac1 a6 16. a4 Bd8 1/2-1/2

[Event "DEN-ch Blitz B"]
[Site "Svendborg"]
[Date "2021.10.22"]
[Round "7"]
[White "Matthiesen, Arne"]
[Black "Meskenas, Paulius"]
[Result "0-1"]
[WhiteElo "2312"]
[BlackElo "2044"]
[PlyCount "146"]
[EventDate "2021.10.22"]
[EventType "tourn"]
[EventRounds "7"]
[EventCountry "DEN"]
[SourceTitle "EXT 2025"]
[Source "ChessBase"]
[SourceDate "2024.10.14"]
[SourceVersion "1"]
[SourceVersionDate "2024.10.14"]
[SourceQuality "1"]

1. d4 Nf6 2. Nf3 g6 3. c4 d5 4. cxd5 Nxd5 5. e4 Nb6 6. h3 Bg7 7. Nc3 0-0 8. Be3 N8d7 9. Be2 e5 10. d5 c6 11. dxc6 bxc6 12. 0-0 Bb7 13. Rc1 Rc8 14. Qd6 Re8 15. Rfd1 Bf8 16. Qd2 Qc7 17. Nb5 Qb8 18. Nd6 Bxd6 19. Qxd6 Qxd6 20. Rxd6 Kf8 21. b4 Ke7 22. Rd2 f6 23. Ne1 Nf8 24. Bc5+ Kf7 25. Bg4 Rcd8 26. Rcd1 Rxd2 27. Rxd2 Ne6 28. Bxe6+ Kxe6 29. Rd6+ Kf7 30. Nd3 Re6 31. Rd8 Re8 32. Rd6 Re6 33. Rd8 Re8 34. Rd6 Ba6 35. Nb2 Bb7 36. Bxb6 axb6 37. Nc4 Ke7 38. Rd2 b5 39. Na5 Ba8 40. Nb3 Bb7 41. Nc5 Bc8 42. Rc2 Rd8 43. Kf1 Rd1+ 44. Ke2 Rb1 45. a3 Ra1 46. Rc3 Ra2+ 47. Ke3 g5 48. Nd3 Bd7 49. Nc1 Rb2 50. Ne2 h5 51. Ng3 h4 52. Nf1 Kd6 53. Nd2 Be6 54. Rd3+ Kc7 55. Rc3 Ra2 56. Nf3 Ra1 57. Nd2 Re1+ 58. Kf3 Ra1 59. Ke3 Re1+ 60. Kf3 Bf7 61. Rd3 Bh5+ 62. g4 hxg3+ 63. Kxg3 Rd1 64. f3 Bf7 65. Kf2 Ra1 66. Rc3 Ra2 67. Ke3 Be6 68. Kd3 Bxh3 69. Nb3 Bf1+ 70. Ke3 Re2+ 71. Kd3 Rb2+ 72. Ke3 Bc4 73. Na5 Re2# 0-1

[Event "DEN-ch Blitz B"]
[Site "Svendborg"]
[Date "2021.10.22"]
[Round "4"]
[White "Matthiesen, Arne"]
[Black "Munksgaard, Dennis"]
[Result "1-0"]
[WhiteElo "2312"]
[BlackElo "1970"]
[PlyCount "61"]
[EventDate "2021.10.22"]
[EventType "tourn"]
[EventRounds "7"]
[EventCountry "DEN"]
[SourceTitle "EXT 2025"]
[Source "ChessBase"]
[SourceDate "2024.10.14"]
[SourceVersion "1"]
[SourceVersionDate "2024.10.14"]
[SourceQuality "1"]

1. d4 Nf6 2. Nf3 e6 3. c4 b6 4. g3 Ba6 5. b3 b5 6. cxb5 Bxb5 7. Bg2 d5 8. 0-0 Be7 9. Nc3 Ba6 10. b4 Bb7 11. Rb1 Nbd7 12. Bf4 Nh5 13. Be3 0-0 14. Qc2 c6 15. Na4 Rb8 16. g4 Nhf6 17. Bf4 Ra8 18. h3 Ba6 19. Rfe1 Bc4 20. Nd2 a5 21. Nxc4 dxc4 22. Bxc6 Rc8 23. b5 Bb4 24. Bd2 Nd5 25. e4 Bxd2 26. Qxd2 Nb4 27. Bxd7 Qxd7 28. Nb6 Qe7 29. Nxc8 Rxc8 30. Rec1 Qh4 31. Rc3 1-0

[Event "DEN-chT 1819 57th"]
[Site "Denmark"]
[Date "2019.03.17"]
[Round "9.4"]
[White "Matthiesen, Arne"]
[Black "Sylvan, Jacob"]
[Result "1-0"]
[WhiteElo "2294"]
[BlackElo "2336"]
[PlyCount "161"]
[EventDate "2018.10.27"]
[EventType "team-tourn"]
[EventRounds "9"]
[EventCountry "DEN"]
[SourceTitle "CBM 189 Extra"]
[Source "ChessBase"]
[SourceDate "2019.05.31"]
[SourceVersion "1"]
[SourceVersionDate "2019.05.31"]
[SourceQuality "1"]
[WhiteTeam "Copenhagen 68"]
[BlackTeam "Nordkalotten"]
[WhiteTeamCountry "DEN"]
[BlackTeamCountry "DEN"]

1. d4 d5 2. c4 e6 3. Nf3 Nf6 4. Nc3 Be7 5. g3 dxc4 6. Bg2 Nc6 7. 0-0 0-0 8. e4 a6 9. e5 Nd5 10. Ne4 f5 11. exf6 Nxf6 12. Nc3 Rb8 13. Qe2 Nxd4 14. Nxd4 Qxd4 15. Rd1 Qg4 16. Bf3 Qf5 17. Bf4 Bd7 18. Rxd7 Nxd7 19. Bg4 Qg6 20. Qxe6+ Qxe6 21. Bxe6+ Kh8 22. Bxd7 Bd6 23. Bxd6 cxd6 24. Rd1 b5 25. Be6 Rb6 26. Bd5 h6 27. Ne4 Rc8 28. Rd4 Rc7 29. Kg2 g6 30. h4 Kg7 31. g4 Re7 32. f4 Kh8 33. f5 gxf5 34. gxf5 Rg7+ 35. Ng3 Rb8 36. f6 Rg6 37. f7 Kg7 38. Kf3 Rc8 39. Nh5+ Kf8 40. Nf4 Rf6 41. Kg4 Rxf7 42. Bxf7 Kxf7 43. Rxd6 b4 44. Rxh6 a5 45. Ra6 c3 46. bxc3 bxc3 47. Rxa5 c2 48. Nd3 c1Q 49. Nxc1 Rxc1 50. Rf5+ Kg7 51. Rf2 Kg6 52. h5+ Kh6 53. Rf6+ Kg7 54. Ra6 Rc5 55. h6+ Kh7 56. Kf4 Rd5 57. Ke4 Rd1 58. a4 Rd2 59. a5 Ra2 60. Kd4 Ra1 61. Kc4 Rc1+ 62. Kb4 Rb1+ 63. Kc5 Ra1 64. Ra7+ Kxh6 65. Kb6 Kg6 66. Rc7 Kf6 67. Rc6+ Ke7 68. a6 Kd7 69. Kb7 Rb1+ 70. Rb6 Rc1 71. Rb4 Rc7+ 72. Kb6 Rc6+ 73. Kb7 Rc7+ 74. Kb6 Rc6+ 75. Kb5 Kc7 76. a7 Rb6+ 77. Ka5 Rxb4 78. a8Q Rc4 79. Kb5 Rc1 80. Qe4 Rd1 81. Qc2+ 1-0

[Event "DEN-chT 1718 56th"]
[Site "Denmark"]
[Date "2017.12.03"]
[Round "3.1"]
[White "Thogersen, Rasmus"]
[Black "Matthiesen, Arne"]
[Result "1-0"]
[WhiteElo "2251"]
[BlackElo "2300"]
[PlyCount "91"]
[EventDate "2017.11.18"]
[EventType "team-tourn"]
[EventRounds "9"]
[EventCountry "DEN"]
[SourceTitle "CBM 181 Extra"]
[Source "ChessBase"]
[SourceDate "2017.12.12"]
[SourceVersion "1"]
[SourceVersionDate "2017.12.12"]
[SourceQuality "1"]
[WhiteTeam "Jetsmark"]
[BlackTeam "Copenhagen 68"]
[WhiteTeamCountry "DEN"]
[BlackTeamCountry "DEN"]

1. e4 c5 2. Nf3 Nc6 3. d4 cxd4 4. Nxd4 g6 5. Nc3 Bg7 6. Be3 Nf6 7. Bc4 0-0 8. Bb3 d5 9. exd5 Na5 10. Nde2 b6 11. Qd2 Bb7 12. 0-0-0 Nxb3+ 13. axb3 Qd7 14. Bh6 Rfd8 15. Bxg7 Kxg7 16. Nf4 Qf5 17. f3 e5 18. Nfe2 Nxd5 19. Nxd5 Rxd5 20. Qe3 Rad8 21. Rxd5 Rxd5 22. h4 h6 23. Nc3 Rd7 24. Re1 Qf4 25. Qxf4 exf4 26. Re8 g5 27. hxg5 hxg5 28. Ne4 f6 29. Re6 Bd5 30. Rd6 Rxd6 31. Nxd6 Be6 32. b4 Kf8 33. b3 Ke7 34. Nb5 a5 35. bxa5 bxa5 36. Kb2 Bd7 37. c4 Ke6 38. Ka3 Ke5 39. Ka4 g4 40. Kxa5 g3 41. Nc3 Kd4 42. Nd5 Ke5 43. b4 Bh3 44. b5 Bxg2 45. b6 Kd6 46. b7 1-0

[Event "DEN-chT 1718 56th"]
[Site "Denmark"]
[Date "2017.11.19"]
[Round "2.2"]
[White "Matthiesen, Arne"]
[Black "Aabling Thomsen, Jakob"]
[Result "1-0"]
[WhiteElo "2300"]
[BlackElo "2360"]
[PlyCount "99"]
[EventDate "2017.11.18"]
[EventType "team-tourn"]
[EventRounds "9"]
[EventCountry "DEN"]
[SourceTitle "CBM 181 Extra"]
[Source "ChessBase"]
[SourceDate "2017.12.12"]
[SourceVersion "1"]
[SourceVersionDate "2017.12.12"]
[SourceQuality "1"]
[WhiteTeam "Copenhagen 68"]
[BlackTeam "Bronshoj"]
[WhiteTeamCountry "DEN"]
[BlackTeamCountry "DEN"]

1. Nf3 f5 2. d3 Nc6 3. g3 e5 4. Bg2 Nf6 5. 0-0 d5 6. c4 dxc4 7. Qa4 Bd6 8. Qxc4 Qe7 9. Nc3 Be6 10. Qb5 Bd7 11. Qxb7 Rb8 12. Qa6 0-0 13. Qc4+ Kh8 14. a3 e4 15. dxe4 fxe4 16. Ng5 Na5 17. Qa6 Nb3 18. Rb1 Nxc1 19. Rbxc1 e3 20. f4 Rxb2 21. Qxa7 Bg4 22. Bf3 Bf5 23. Qa5 Qd7 24. Bc6 Qc8 25. Bg2 h6 26. Nge4 Bxe4 27. Nxe4 Nxe4 28. Bxe4 Qe8 29. Bd3 Rd2 30. Qd5 Qa8 31. Qxa8 Rxa8 32. Rf3 Re8 33. Bb5 Re7 34. a4 Ra2 35. Kg2 Ra3 36. Rff1 Bb4 37. Ra1 Rxa1 38. Rxa1 Ba5 39. Kf3 g6 40. Ra3 Bd2 41. a5 c5 42. a6 Ra7 43. Rd3 Ba5 44. Rd6 Rc7 45. Rxg6 c4 46. Rxh6+ Kg7 47. Rc6 c3 48. Rxc7+ Bxc7 49. Bd3 Bb6 50. Ke4 1-0

[Event "DEN-chT 1718 56th"]
[Site "Denmark"]
[Date "2017.11.18"]
[Round "1.1"]
[White "Rostgaard, Tobias Valentin"]
[Black "Matthiesen, Arne"]
[Result "1-0"]
[WhiteElo "2335"]
[BlackElo "2300"]
[PlyCount "111"]
[EventDate "2017.11.18"]
[EventType "team-tourn"]
[EventRounds "9"]
[EventCountry "DEN"]
[SourceTitle "CBM 181 Extra"]
[Source "ChessBase"]
[SourceDate "2017.12.12"]
[SourceVersion "1"]
[SourceVersionDate "2017.12.12"]
[SourceQuality "1"]
[WhiteTeam "BMS"]
[BlackTeam "Copenhagen 68"]
[WhiteTeamCountry "DEN"]
[BlackTeamCountry "DEN"]

1. e4 c5 2. Nf3 Nc6 3. Bb5 g6 4. Bxc6 bxc6 5. 0-0 Bg7 6. Re1 Nh6 7. c3 0-0 8. d4 Qb6 9. dxc5 Qxc5 10. Be3 Qh5 11. Nbd2 f6 12. e5 fxe5 13. Nxe5 Qxd1 14. Raxd1 Nf7 15. Nxf7 Rxf7 16. Nc4 d6 17. Rd2 Ba6 18. Na5 c5 19. Bg5 h6 20. Bh4 g5 21. Bg3 Rc8 22. h4 Bf6 23. hxg5 hxg5 24. a4 Rh7 25. Bxd6 Kf7 26. Bg3 Rch8 27. f3 Rh1+ 28. Kf2 Rxe1 29. Kxe1 Rh1+ 30. Kf2 g4 31. Nb3 Rf1+ 32. Ke3 gxf3 33. gxf3 c4 34. Nc5 Bc8 35. Ke2 Rb1 36. Bf2 Bf5 37. Ne4 Ra1 38. Bxa7 Rxa4 39. Bd4 Bh4 40. Bf2 Bf6 41. Bd4 Bh4 42. Ke3 Ra6 43. Be5 Rh6 44. Kd4 Rh5 45. Rh2 Bg6 46. Kxc4 Be1 47. Re2 Rh1 48. b4 Rf1 49. b5 Bf5 50. b6 Bc8 51. Nc5 Bh4 52. Rh2 Bg5 53. Rh8 Rb1 54. Bc7 Be6+ 55. Nxe6 Kxe6 56. Rh5 1-0

[Event "Lund CellaVision Cup"]
[Site "Lund"]
[Date "2016.08.07"]
[Round "8"]
[White "Matthiesen, Arne"]
[Black "Westerberg, Jonathan"]
[Result "1/2-1/2"]
[WhiteElo "2319"]
[BlackElo "2488"]
[PlyCount "136"]
[EventDate "2016.08.05"]
[EventType "swiss"]
[EventRounds "8"]
[EventCountry "SWE"]
[SourceTitle "CBM 173 Extra"]
[Source "ChessBase"]
[SourceDate "2016.08.29"]
[SourceVersion "1"]
[SourceVersionDate "2016.08.29"]
[SourceQuality "1"]

1. Nf3 d5 2. g3 g6 3. Bg2 Bg7 4. 0-0 Nf6 5. c4 e6 6. d4 0-0 7. Nc3 b6 8. cxd5 exd5 9. Bg5 Bb7 10. Ne5 h6 11. Bf4 Na6 12. Rc1 c5 13. dxc5 bxc5 14. Nc4 Qd7 15. Na5 Rad8 16. Nxb7 Qxb7 17. Be5 Ne4 18. Bxg7 Kxg7 19. Nxe4 dxe4 20. Qc2 f5 21. Qc3+ Kh7 22. Rfd1 Rd5 23. f3 exf3 24. Bxf3 Rxd1+ 25. Rxd1 Qe7 26. Rd5 Rd8 27. Qe5 Qxe5 28. Rxe5 Rd7 29. Re6 Nb8 30. Re8 Na6 31. Re6 Nb8 32. h4 h5 33. Re8 Na6 34. Re6 Nb4 35. a3 Nc2 36. Rc6 Rb7 37. Rxc5 Rxb2 38. Rc7+ Kh6 39. Rxa7 Ra2 40. a4 Nd4 41. Kf2 Nxf3 42. Kxf3 Ra3+ 43. e3 Ra2 44. a5 Ra3 45. a6 Ra2 46. Kf4 Ra4+ 47. Ke5 Re4+ 48. Kf6 Rxe3 49. Rg7 Ra3 50. Rxg6+ Kh7 51. Rg7+ Kh6 52. Ra7 Rxg3 53. Kxf5 Ra3 54. Ra8 Kg7 55. Ke6 Ra4 56. Kd7 Rxh4 57. Kc7 Ra4 58. Kb7 h4 59. Rc8 Rb4+ 60. Ka8 Kg6 61. Rb8 Ra4 62. Rb6+ Kg5 63. Kb7 h3 64. Rb2 Kg4 65. a7 Rxa7+ 66. Kxa7 Kg3 67. Kb6 h2 68. Rxh2 Kxh2 1/2-1/2

[Event "DEN-chT 1415 53rd"]
[Site "Denmark"]
[Date "2015.02.15"]
[Round "7.1"]
[White "Matthiesen, Arne"]
[Black "Schandorff, Lars"]
[Result "1/2-1/2"]
[WhiteElo "2359"]
[BlackElo "2532"]
[PlyCount "112"]
[EventDate "2014.10.25"]
[EventType "team-tourn"]
[EventRounds "9"]
[EventCountry "DEN"]
[SourceTitle "EXT 2016"]
[Source "ChessBase"]
[SourceDate "2015.10.08"]
[SourceVersion "1"]
[SourceVersionDate "2015.10.08"]
[SourceQuality "1"]
[WhiteTeam "Copenhagen 68"]
[BlackTeam "Hillerod"]
[WhiteTeamCountry "DEN"]
[BlackTeamCountry "DEN"]

1. d4 d5 2. c4 c6 3. Nf3 Nf6 4. Nc3 e6 5. g3 dxc4 6. Bg2 b5 7. Ne5 Qb6 8. 0-0 Bb7 9. b3 cxb3 10. axb3 Be7 11. e4 0-0 12. Be3 c5 13. d5 a6 14. Qc2 Nbd7 15. Nxd7 Nxd7 16. Rfd1 Rfd8 17. Rd2 e5 18. Qd1 Bd6 19. Rc2 Rdc8 20. Bh3 Qd8 21. Bg5 f6 22. Bd2 c4 23. b4 Rc7 24. Be6+ Kh8 25. Ne2 Nf8 26. Bf5 Qe7 27. Qb1 Qe8 28. Nc3 a5 29. bxa5 b4 30. Na4 c3 31. Nb6 Ba6 32. Nxa8 Qxa8 33. Be3 Bd3 34. Qb3 Qa6 35. Bh3 Bxe4 36. Rcc1 Bd3 37. Bb6 Re7 38. Bf1 e4 39. Ra4 c2 40. Be3 Rb7 41. Rxc2 Bxf1 42. Rc6 Qe2 43. Ra2 Qe1 44. Bd2 Qe2 45. Be3 Qe1 46. Bd2 Qe2 47. Bf4 Qe1 48. Rc1 Bc4+ 49. Rxe1 Bxb3 50. Rb2 Bxf4 51. gxf4 Bxd5 52. Rd1 Bc4 53. Rd4 Bd3 54. Rbxb4 Rxb4 55. Rxb4 Kg8 56. Ra4 Ne6 1/2-1/2

[Event "DEN-chT 1415 53rd"]
[Site "Denmark"]
[Date "2015.01.11"]
[Round "5.1"]
[White "Matthiesen, Arne"]
[Black "Kjartansson, Gudmundur"]
[Result "1/2-1/2"]
[WhiteElo "2359"]
[BlackElo "2439"]
[PlyCount "104"]
[EventDate "2014.10.25"]
[EventType "team-tourn"]
[EventRounds "9"]
[EventCountry "DEN"]
[SourceTitle "EXT 2016"]
[Source "ChessBase"]
[SourceDate "2015.10.08"]
[SourceVersion "1"]
[SourceVersionDate "2015.10.08"]
[SourceQuality "1"]
[WhiteTeam "Copenhagen 68"]
[BlackTeam "Jetsmark"]
[WhiteTeamCountry "DEN"]
[BlackTeamCountry "DEN"]

1. d4 d5 2. c4 e6 3. Nf3 Nf6 4. Nc3 c6 5. g3 Nbd7 6. Qd3 Be7 7. Bg2 b6 8. cxd5 cxd5 9. 0-0 0-0 10. Bf4 a6 11. Rac1 Bb7 12. Rc2 b5 13. Rfc1 Rc8 14. Nb1 Rxc2 15. Rxc2 Qa8 16. Nbd2 b4 17. Ne5 Nxe5 18. Bxe5 Nd7 19. Bf4 Rc8 20. Nb3 Bc6 21. Qd2 Bb5 22. Rxc8+ Qxc8 23. Qc1 Qxc1+ 24. Nxc1 f6 25. Bc7 Kf7 26. e3 Ke8 27. Bf1 Bxf1 28. Kxf1 Bd8 29. Bxd8 Kxd8 30. Nd3 a5 31. Ke2 Kc7 32. f3 e5 33. Kd2 Kc6 34. dxe5 fxe5 35. e4 dxe4 36. fxe4 Kd6 37. Ke3 Nb8 38. b3 Nc6 39. Nb2 Kc5 40. Nd3+ Kb5 41. Nb2 Nd4 42. Kd3 Ne6 43. Na4 g5 44. g4 Nd4 45. Ke3 h6 46. Nb2 Nc6 47. Kd3 Nd4 48. Ke3 Kc5 49. Nd3+ Kd6 50. Nb2 Kc5 51. Nd3+ Kd6 52. Nb2 Kc5 1/2-1/2

[Event "DEN-chT 1415 53rd"]
[Site "Denmark"]
[Date "2015.01.10"]
[Round "4.1"]
[White "Sorensen, Jan"]
[Black "Matthiesen, Arne"]
[Result "1-0"]
[WhiteElo "2431"]
[BlackElo "2359"]
[PlyCount "117"]
[EventDate "2014.10.25"]
[EventType "team-tourn"]
[EventRounds "9"]
[EventCountry "DEN"]
[SourceTitle "EXT 2016"]
[Source "ChessBase"]
[SourceDate "2015.10.08"]
[SourceVersion "1"]
[SourceVersionDate "2015.10.08"]
[SourceQuality "1"]
[WhiteTeam "Aarhus/Skolerne"]
[BlackTeam "Copenhagen 68"]
[WhiteTeamCountry "DEN"]
[BlackTeamCountry "DEN"]

1. e4 g6 2. d4 Bg7 3. Nc3 d6 4. f4 Nf6 5. Nf3 0-0 6. Be2 c5 7. dxc5 Qa5 8. 0-0 Qxc5+ 9. Kh1 Nc6 10. Bd3 Bg4 11. Qe1 Bxf3 12. Rxf3 e6 13. a3 Nd4 14. Rf1 Qa5 15. Bd2 Qd8 16. f5 Nd7 17. Qg3 Ne5 18. Bg5 Bf6 19. Bxf6 Qxf6 20. fxe6 Qxe6 21. Nd5 Rad8 22. Rf6 Qg4 23. Qe3 Ndc6 24. Be2 Qd7 25. Raf1 Ne7 26. Nxe7+ Qxe7 27. Qxa7 Nd7 28. R6f4 Nc5 29. Bc4 Qe5 30. Qb6 Rd7 31. Bd5 Re7 32. b4 Na4 33. Qf2 Nc3 34. Bxf7+ Kg7 35. Bc4 Rxf4 36. Qxf4 Qxf4 37. Rxf4 g5 38. Rf1 Rxe4 39. Bd3 Re8 40. Kg1 Ra8 41. Rf5 h6 42. Ra5 Rf8 43. Ra7 Rf7 44. a4 d5 45. a5 Kf6 46. b5 Na4 47. a6 Nc5 48. Kf2 Ke5+ 49. Ke3 d4+ 50. Kd2 Kd6 51. Ra8 bxa6 52. bxa6 Rf2+ 53. Ke1 Nxd3+ 54. cxd3 Ra2 55. a7 Kc7 56. Rh8 Kb7 57. a8Q+ Rxa8 58. Rxa8 Kxa8 59. Kf2 1-0

[Event "DEN-chT 1415 53rd"]
[Site "Denmark"]
[Date "2014.10.25"]
[Round "1.1"]
[White "Teplyi, Igor"]
[Black "Matthiesen, Arne"]
[Result "1-0"]
[WhiteElo "2381"]
[BlackElo "2359"]
[PlyCount "75"]
[EventDate "2014.10.25"]
[EventType "team-tourn"]
[EventRounds "9"]
[EventCountry "DEN"]
[SourceTitle "EXT 2016"]
[Source "ChessBase"]
[SourceDate "2015.10.08"]
[SourceVersion "1"]
[SourceVersionDate "2015.10.08"]
[SourceQuality "1"]
[WhiteTeam "Nordre"]
[BlackTeam "Copenhagen 68"]
[WhiteTeamCountry "DEN"]
[BlackTeamCountry "DEN"]

1. d4 d5 2. c4 dxc4 3. Nf3 Nf6 4. e3 e6 5. Bxc4 c5 6. Qe2 a6 7. dxc5 Bxc5 8. 0-0 b5 9. Bd3 Nc6 10. Rd1 Qe7 11. a4 b4 12. Nbd2 Na5 13. h3 Bb7 14. Ne5 0-0 15. Nec4 Nxc4 16. Nxc4 a5 17. e4 e5 18. Bg5 h6 19. Bh4 Qe6 20. Nd2 Rac8 21. Rac1 Rfe8 22. Bc4 Qe7 23. Bd3 Bb6 24. Nc4 Qe6 25. b3 Ra8 26. Nxb6 Qxb6 27. Bxf6 Qxf6 28. Bc4 Re7 29. Bd5 Rd8 30. Qb5 Bxd5 31. Qxa5 Red7 32. Rxd5 Qf4 33. Qxd8+ Rxd8 34. Rxd8+ Kh7 35. Ra1 Qxe4 36. a5 Qb7 37. a6 Qa7 38. Rd7 1-0

[Event "DEN-chT 1314 52nd"]
[Site "Denmark"]
[Date "2014.01.12"]
[Round "5.1"]
[White "Hagen, Andreas Skytte"]
[Black "Matthiesen, Arne"]
[Result "1/2-1/2"]
[WhiteElo "2436"]
[BlackElo "2358"]
[PlyCount "56"]
[EventDate "2013.11.02"]
[EventType "team-tourn"]
[EventRounds "9"]
[EventCountry "DEN"]
[SourceTitle "EXT 2015"]
[Source "ChessBase"]
[SourceDate "2014.11.20"]
[SourceVersion "1"]
[SourceVersionDate "2014.11.20"]
[SourceQuality "1"]
[WhiteTeam "Valby K41"]
[BlackTeam "Copenhagen 68"]
[WhiteTeamCountry "DEN"]
[BlackTeamCountry "DEN"]

1. e4 c5 2. Nf3 Nc6 3. d4 cxd4 4. Nxd4 g6 5. c4 Bg7 6. Be3 Nf6 7. Nc3 0-0 8. Be2 d6 9. 0-0 Bd7 10. Nc2 Rc8 11. Qd2 Re8 12. f3 Qa5 13. a3 Be6 14. b4 Qd8 15. Nd5 Ne5 16. Bxa7 Nxc4 17. Bxc4 Rxc4 18. Nce3 Bxd5 19. exd5 Rc8 20. Bd4 e5 21. dxe6 fxe6 22. Rad1 d5 23. Bb2 Qb6 24. Kh1 Rcd8 25. Bd4 Qd6 26. f4 Ne4 27. Qb2 Qe7 28. Kg1 Bxd4 1/2-1/2

[Event "Malmo op"]
[Site "Malmo"]
[Date "2013.12.15"]
[Round "6"]
[White "Matthiesen, Arne"]
[Black "Laksman, Efraim"]
[Result "1-0"]
[WhiteElo "2358"]
[BlackElo "2192"]
[PlyCount "107"]
[EventDate "2013.12.13"]
[EventType "swiss"]
[EventRounds "7"]
[EventCountry "SWE"]
[SourceTitle "CBM 157 Extra"]
[Source "ChessBase"]
[SourceDate "2013.12.19"]
[SourceVersion "1"]
[SourceVersionDate "2013.12.19"]
[SourceQuality "1"]

1. Nf3 Nf6 2. c4 g6 3. Nc3 c5 4. g3 Bg7 5. Bg2 Nc6 6. 0-0 0-0 7. d4 cxd4 8. Nxd4 Nxd4 9. Qxd4 d6 10. Qd3 Nd7 11. b3 Nc5 12. Qd2 Bd7 13. Bb2 Bc6 14. Nd5 Bxd5 15. Bxd5 Bxb2 16. Qxb2 Qc7 17. h4 Rad8 18. h5 e6 19. Bf3 f5 20. hxg6 hxg6 21. Rad1 b5 22. cxb5 d5 23. Rc1 Qe7 24. Qa3 Rc8 25. Rc3 Rc7 26. Rfc1 Ne4 27. Qxe7 Rxe7 28. Bxe4 fxe4 29. Rc7 Rff7 30. Rxe7 Rxe7 31. Rc6 Kf7 32. a4 Rb7 33. Kf1 Kf6 34. Ke1 Ke5 35. e3 Kf5 36. g4+ Ke5 37. Ke2 g5 38. b4 Kf6 39. Kd2 Ke5 40. Ke2 Kf6 41. f3 exf3+ 42. Kxf3 Ke5 43. Ke2 Rh7 44. b6 axb6 45. Rxb6 Rh2+ 46. Kf3 Rh3+ 47. Kf2 Rh2+ 48. Kg3 Ra2 49. a5 Ra3 50. Kf2 Ra2+ 51. Kf3 Ra3 52. a6 Ra2 53. b5 Ra3 54. Ke2 1-0

[Event "Malmo op"]
[Site "Malmo"]
[Date "2013.12.14"]
[Round "4"]
[White "Matthiesen, Arne"]
[Black "Jepson, Christian"]
[Result "1/2-1/2"]
[WhiteElo "2358"]
[BlackElo "2397"]
[PlyCount "76"]
[EventDate "2013.12.13"]
[EventType "swiss"]
[EventRounds "7"]
[EventCountry "SWE"]
[SourceTitle "CBM 157 Extra"]
[Source "ChessBase"]
[SourceDate "2013.12.19"]
[SourceVersion "1"]
[SourceVersionDate "2013.12.19"]
[SourceQuality "1"]

1. d4 d5 2. c4 e6 3. Nc3 Be7 4. Nf3 Nf6 5. Bf4 0-0 6. e3 b6 7. Be2 Bb7 8. 0-0 dxc4 9. Bxc4 a6 10. a3 Nbd7 11. Qe2 b5 12. Ba2 c5 13. Ne5 Nxe5 14. Bxe5 Nd7 15. Bg3 cxd4 16. exd4 Nf6 17. Rad1 Rc8 18. Be5 Nd5 19. Ne4 f6 20. Bg3 Re8 21. f3 f5 22. Nc5 Bxc5 23. dxc5 Rxc5 24. Be5 Qe7 25. Bd4 Rc7 26. Rfe1 Nf4 27. Qf2 Qg5 28. Qg3 Qxg3 29. hxg3 Nd5 30. Bxg7 Kxg7 31. Bxd5 Bxd5 32. Rxd5 exd5 33. Rxe8 Rc2 34. b4 Rc3 35. Rd8 Rxa3 36. Rxd5 Ra4 37. Rd6 Rxb4 38. Rxa6 Rb2 1/2-1/2